000
002630000a22000970004500
100
1
_a
Reiland, Ralph R.
245
1
0
_a
Dying for a pizza : Attack crime, not commerce
300
_a
Vol. 47, Num 3 (Marzo, 1997), Páginas 149-150
773
0
_t
The Freeman
942
_c
ANA
999
_c
56659
_d
56659